| 000 | 00425nam a22001457a 4500 | ||
|---|---|---|---|
| 005 | 20250222075510.0 | ||
| 008 | 250222b |||||||| |||| 00| 0 eng d | ||
| 020 | _a9780815160359 | ||
| 050 |
_aRG101 _b.C67 |
||
| 245 |
_aCore Textbook of Obstetrics & Gynecology/ _cedited by John H. Mattox |
||
| 260 |
_aSt. Louis _bMosby -Year Book _c1998 |
||
| 300 |
_axiv. 594p. _bill. _c23cm |
||
| 700 | _aMattox, John H. | ||
| 942 |
_2lcc _cBK _n0 |
||
| 999 |
_c4114 _d4114 |
||